00338nam a2200133Ia 45000010005000000080041000050200018000460820020000641000029000842450029001132600021001429010026001639990015001891465241024s9999 xx 000 0 und d a84-8400-272-1 aRD/972.93/A473l aFermín Alvarez Santana 0aLos Llanos del Guabatico bEd. Tallerc1998 a9/5/2011 3:21:11 p.m. c7610d7610